UEFA Champions League Clubs 25/26 - Statistics

General Stats
  • This quiz has been taken 31 times
  • The average score is 26 of 36
Answer Stats
Country of origin
and league
Club % Correct
England,Premier League Arsenal
100%
Spain, La Liga Barcelona
100%
Spain, La Liga Real Madrid
100%
England,Premier League Liverpool
93%
England,Premier League Tottenham Hotspur
93%
Italy, Serie A Inter
90%
France, Ligue 1 Paris Saint-Germain
90%
Turkey, Süper Lig Galatasaray
86%
Italy, Serie A Juventus
86%
England,Premier League Manchester City
86%
Netherlands, EersteDivisie Ajax
83%
Italy, Serie A Atalanta
83%
England,Premier League Chelsea
83%
Italy, Serie A Napoli
83%
Portugal, LigaPortugal Benfica
79%
Germany,Bundesliga Borussia Dortmund
79%
Netherlands, EersteDivisie PSV Eindhoven
79%
Spain, La Liga Villarreal
79%
Norway,Eliteserien Bodø/Glimt
76%
England,Premier League Newcastle
76%
Greece, SuperLeague Greece Olympiacos
76%
Belgium, BelgianPro League Club Brugge
72%
Germany,Bundesliga Leverkusen
69%
France, Ligue 1 Marseille
69%
France, Ligue 1 Monaco
62%
Azerbaijan,Azerbaijan Premier League Qarabağ
62%
Germany,Bundesliga Bayern München
59%
Denmark, Superliga Copenhagen
59%
Spain, La Liga Athletic Club
55%
Germany,Bundesliga Eintracht Frankfurt
55%
Kazakhstan,Kazakhstan
Premier League
Kairat Almaty
48%
Cyprus, CypriotFirst Division Pafos
45%
Spain, La Liga Atlético de Madrid
41%
Portugal, LigaPortugal Sporting CP
41%
Czech Republic, Slavia Praha
24%
Belgium, BelgianPro League Union SG
14%
No matching quizzes found
Score Distribution
Percent of People with Each Score
Percentile by Number Answered
Your Score History
You have not taken this quiz